00516nam a2200205Ia 450000500170000000800460001702000180006303700100008104000080009104000080009904000080010704100080011504100080012308400080013124500690013926000310020826000090023965000130024885600490026120260306150736.0008 260114s9999 xx 000 0 eng d a9781400855100 aEbook aCRL beng cCRL 2eng aeng qCRL 0aRussian Physicians in an Era of Reform and Revolution, 1856-1905 bPrinceton University Press c1982 aMedicine uhttps://www.degruyter.com/isbn/9781400855100